| 000 | 00574nam a22001577a 4500 | ||
|---|---|---|---|
| 008 | 160803b xxu||||| |||| 00| 0 eng d | ||
| 082 |
_22012 _aUT 0371 _bB21 |
||
| 100 |
_912168 _aBancoro, Jay Marie G. |
||
| 245 |
_aTecson medical clinic online transactions system/ _cJay Marie G. Bancoro, Mc. Angelo Sarona and Alex B. Salajog. |
||
| 260 |
_aDigos City: _bUMDC _cAugust 2012. |
||
| 300 |
_a105 pages; _c30 cm. |
||
| 650 | 0 |
_912167 _aInformation Technology _xUndergraduate thesis. |
|
| 700 |
_912165 _aSarona, Mc. Angelo. |
||
| 700 |
_912166 _aSalajog, Alex B. |
||
| 942 |
_2ddc _cUT |
||
| 999 |
_c3653 _d3653 |
||